Pastoral deities in western India /

Bibliographic Details
Main Author: Sontheimer, Günther-Dietz
Format: Book
Language:English
Published: New York : Oxford University Press, 1989.
Subjects:

MARC

Tag First Indicator Second Indicator Subfields
LEADER 00000cam a2200000 a 4500
001 in00001029310
005 20150928121804.0
008 880428s1989 nyuab b 001 0 eng
010 |a  88016872  
020 |a 0195055004 (alk. paper) :  |c $39.95 
035 |a (OCoLC)18684991 
035 |9 AFG1089AM 
040 |a DLC  |c DLC  |d UtOrBLW 
041 1 |a eng  |h ger 
043 |a a-ii--- 
049 |a TXAM 
050 0 0 |a BL2016.M33  |b S66 1989 
082 0 0 |a 294.5/0954/792  |2 19 
100 1 |a Sontheimer, Günther-Dietz. 
240 1 0 |a Birobā, Mhaskobā und Khandobā.  |l English 
245 1 0 |a Pastoral deities in western India /  |c Günther-Dietz Sontheimer ; translated by Anne Feldhaus. 
264 1 |a New York :  |b Oxford University Press,  |c 1989. 
300 |a xvi, 278 pages :  |b illustrations, maps ;  |c 22 cm. 
336 |a text  |b txt  |2 rdacontent 
337 |a unmediated  |b n  |2 rdamedia 
338 |a volume  |b nc  |2 rdacarrier 
500 |a Translation of: Birobā, Mhaskobā und Khandobā. 
504 |a Includes bibliographical references (pages 239-247) and index. 
650 0 |a Cults  |z India  |z Maharashtra. 
651 0 |a Maharashtra (India)  |x Religion. 
999 |a MARS 
999 f f |s cc6cf5ea-d84c-3713-af25-2b31cb18f303  |i dc7af52a-c3a9-3ed9-8bad-991210d4fc37  |t 0 
952 f f |p normal  |a Texas A&M University  |b College Station  |c Sterling C. Evans Library  |d Evans: Library Stacks  |t 0  |e BL2016.M33 S66 1989  |h Library of Congress classification  |i unmediated -- volume  |m A14815501521 
998 f f |a BL2016.M33 S66 1989  |t 0  |l Evans: Library Stacks